000
00311nam a2200121Ia 4500
008
190722s9999 xx 000 0 und d
020
_a
978-81-265-6060-8
100
_a
Michael Alexander
245
0
_a
Excel 2016 Power Programming with VBA
260
_a
Delhi
_b
John Wiley
_c
2016
300
_a
729
942
_c
BK
999
_c
1160
_d
1160